000 00928nam a22002657a 4500
001 BR8700199
003 BR-BrBNA
005 20230928092326.0
007 ta
008 230509b bl.||||| |||| 00| 0 por d
040 _aBR-BrBNA
_bpor
_cBiblioteca Nacional de Agricultura
041 _a(Por)
072 _aP10
_b/G514
090 _ P10 BR8700199
110 1 _aFundacao Centro Tecnologico de Minas Gerais, Belo Horizonte (Brasil)
_94818
245 1 _aProjeto estudos integrados do Vale do Jequitinhonha; estudos hidrogeologicos; nota tecnica 1; coleta e normalizacao dos dados existentes
260 3 _aBelo Horizonte, MG (Brasil):
_c1978.
300 _a32 p.
500 _a(*) Documento disponível no(a) Fundacao Centro Tecnologico de Minas Gerais, Belo Horizonte (Brazil)
650 _aHIDROGEOLOGIA
650 _aRECURSO HIDRICO
650 _aMINAS GERAIS
909 _a202309
_bLucia
_c55
_dLucia Elande
942 _cBK
999 _c38361
_d38361